000 01021nam a2200265 i 4500
001 70732
003 ES-MaACL
005 20250815001139.0
007 t|
008 191108s1946 sp ||||1| spa d
245 0 3 _aLa Edad Media hasta el final de los Staufen:
_b(400-1250) /
_cpor Walter Goetz, Paul Kirn, August Heisenberg, Hans Heinrich Schader, Willibal Kirfel, Karl Hampe ; versión española de Manuel García Morente.
260 _aMadrid :
_bEspasa-Calpe,
_c1946.
300 _aXVI, 822 p. ,[29] h.(algunas plegadas) :
_bil. col. y n. ;
_c27 cm.
650 7 _aHistoria medieval
_2embne
_913411
700 1 _aGoetz, Walter,
_d1867-1958
_957579
700 1 _aKirn, Paul.
_9168672
700 1 _aHeisenberg, August.
_9168673
700 1 _aSchaeder, Hans Heinrich,
_d1896-1957
_9168674
700 1 _aKirfel, Willibald.
_9168675
700 1 _aHampe, Karl.
_9168676
700 1 _aGarcía Morente, Manuel,
_d1886-1942
_955002
852 _aES-MaACL
_jP-1045-3
942 _2udc
999 _c70732
_d70732